000
00370nam a22001577a 4500
003
MPLRDC
005
20220104123415.0
008
210129b ||||| |||| 00| 0 eng d
082
_a
474.1 MY
100
_a
万言
245
_a
装拆组合式家具
_c
260
_a
_b
香港万里书店
_c
1979
300
_b
平
650
_a
方法与技术
942
_c
BK
_o
474.1 MY
999
_c
11179
_d
11169